000 01037nam a2200277 a 4500
001 000047198
005 20201002053435.0
008 180417s2017 dr abc 000 0 spa d
020 _a9789945195446 (v.1)
040 _aDO-SdBNP
_bspa
_cBNPHU
082 _axx
_bxx
245 0 0 _aCiencias de la naturaleza 4 :
_beducacion primaria /
_ctexto Ángela Segura de Óleo... [et. al] ; ilustración Ruddy Núñez ; dirección editorial Claudia Llibre.
250 _a2a. ed.
260 _aSanto Domingo :
_bSantillana,
_c2017.
300 _av. :
_bil. ;
_c29 cm.+
_eCD-ROM
490 1 _aProyecto todos juntos
500 _aLa biblioteca posee el v. 1
500 _aActualización según el nuevo diseño curricular oficial
505 0 _av.1 :
_tLibro de texto
590 _aInventariado, 2018/VM
700 1 _aSegura de Óleo, Ángela
_974879
700 1 _aNúñez, Ruddy
_eils.
_923171
700 1 _aLlibre, Claudia
_edir.
_930462
710 2 _aEditorial Santillana (República Dominicana)
_974902
830 0 0 _aProyecto todos juntos
_930856
999 _c46686
_d46686